header

Biblical interpretation in early Christian Gospels. (Record no. 240359)

MARC details
000 -LEADER
fixed length control field 01556nam a2200349Ia 4500
245 00 - TITLE STATEMENT
Title Biblical interpretation in early Christian Gospels.
260 ## - PUBLICATION, DISTRIBUTION, ETC. (IMPRINT)
Place of publication London ;
-- New York :
Name of publisher T & T Clark,
Year of publication c2008.
300 ## - PHYSICAL DESCRIPTION
Number of Pages xii, 232 p.
490 1# - SERIES STATEMENT
Series statement Library of New Testament studies ;
Series statement Studies in scripture in early Judaism and Christianity ;
Series statement T & T Clark library of biblical studies
700 1# - ADDED ENTRY--PERSONAL NAME
Personal name Hatina, Thomas R.
856 40 - ELECTRONIC LOCATION AND ACCESS
Uniform Resource Identifier http://site.ebrary.com/lib/rucke/Doc?id=10427253

No items available.

© 2026 Rongo University
Contact us: librarian | system librarian | Rongo university